| Поле | Инд. | ПП | Название | Значение |
|---|---|---|---|---|
| Тип записи | a | |||
| Библиографический уровень | m | |||
| 001 | _ | Контрольный номер | RU/URAIT/469300 | |
| 005 | _ | Дата корректировки | 20250915104103.2 | |
| 008 | Кодируемые данные | 181001s2021 RU y f j 000 0 rus u | ||
| 020 | a | ISBN | 978-5-534-09040-6 | |
| c | Цена, тираж | 1389.00 | ||
| 040 | a | Служба первич. каталог. | ИКО Юрайт | |
| c | Служба, преобразующая запись | ИКО Юрайт | ||
| e | Правила каталог. | RCR | ||
| 041 | a | Код языка текста | rus | |
| 044 | a | Код страны публикации | RU | |
| 080 | a | Индекс УДК | 93(075.8) | |
| 084 | 2 | Источник индекса | rubbk | |
| a | Индекс другой классификации/Индекс ББК | 63.3(2)я73 | ||
| 100 | 1_ | a | Автор | Чураков Димитрий Олегович |
| q | Полное имя | Димитрий Олегович | ||
| 245 | a | Заглавие | История России | |
| b | Продолж. заглавия | Учебник и практикум для вузов | ||
| c | Ответственность | под ред. Саркисяна С.А. | ||
| 250 | g | испр. и доп | ||
| a | Основные сведения об издании | 2-е изд. | ||
| 256 | a | Характеристики компьютерного файла | Электрон. дан. | |
| 260 | a | Место издания | Москва | |
| b | Издательство | Юрайт | ||
| c | Дата издания | 2021 | ||
| 300 | a | Объем | 462 с | |
| 440 | a | Серия | Высшее образование | |
| 500 | a | Примечание | URL: https://urait.ru/bcode/469300 (дата обращения: 23.11.2021). | |
| 520 | a | Аннотация | Учебник восстанавливает традицию изучения отечественной истории не с Новгородско-Киевской Руси, а с момента возникновения на российском историческом пространстве первых государств. Детально освещаются внешнеполитические и экономические события 2015 г., связанные с украинским конфликтом и празднованием 70-летия Победы. Кроме теоретической части и библиографического раздела (включая издания последних лет) учебник содержит практическую часть: задания требуют от студента умения анализировать материал и пользоваться различными источниками знаний. Учебник рекомендован всем, кто стремится не только разобраться в значимых событиях прошлого с глубочайшей древности до наших дней, но и ориентироваться в актуальной научной полемике по всем трудным вопросам родной истории. | |
| 538 | a | Прим. о системных особенностях | Режим доступа: Электронно-библиотечная система Юрайт, для авториз. пользователей | |
| 653 | a | Ключевые слова | История | |
| 653 | a | Ключевые слова | Гуманитарные и общественные науки. | |
| 653 | a | Ключевые слова | История Отечества | |
| 653 | a | Ключевые слова | История России | |
| 653 | a | Ключевые слова | Отечественная история | |
| 653 | a | Ключевые слова | Введение в отечественную историю | |
| 700 | 1_ | a | Другие авторы | Саркисян Сурен Ашотович |
| q | Полное имя | Сурен Ашотович | ||
| 700 | 1_ | a | Другие авторы | Цветков Василий Жанович |
| q | Полное имя | Василий Жанович | ||
| 700 | 1_ | a | Другие авторы | Панов Владимир Николаевич |
| q | Полное имя | Владимир Николаевич | ||
| 700 | 1_ | a | Другие авторы | Матвеева Александра Михайловна |
| q | Полное имя | Александра Михайловна | ||
| 700 | 1_ | a | Другие авторы | Панова Людмила Николаевна |
| q | Полное имя | Людмила Николаевна | ||
| 700 | 1_ | a | Другие авторы | Некрасова Мария Борисовна |
| q | Полное имя | Мария Борисовна | ||
| 700 | 1_ | a | Другие авторы | Шапкина Алла Николаевна |
| q | Полное имя | Алла Николаевна | ||
| 700 | 1_ | a | Другие авторы | Волков Роман Феликсович |
| q | Полное имя | Роман Феликсович | ||
| 856 | 40 | u | URL | https://urait.ru/bcode/469300 |
| x | Примечание для ЭОР | https://urait.ru/book/cover/4D5E2C3E-9381-4B2B-9E37-9FDDA02CB21A | ||
| z | Примечание для пользователя | Участвует в КО | ||
| 856 | 41 | u | URL | https://urait.ru/book/cover/4D5E2C3E-9381-4B2B-9E37-9FDDA02CB21A |